Vista normal
Vista MARC
Entrada Personal Name
Número de registros utilizados en: 1
001 - CONTROL NUMBER
- control field: 8864
003 - CONTROL NUMBER IDENTIFIER
- control field: OSt
005 - DATE AND TIME OF LATEST TRANSACTION
- control field: 20200818152648.0
008 - FIXED-LENGTH DATA ELEMENTS
- fixed length control field: 200818|| aca||aabn | a|a d
040 ## - CATALOGING SOURCE
- Original cataloging agency: OSt
- Transcribing agency: OSt
100 ## - HEADING--PERSONAL NAME
- Personal name: Guerrero Mateus, María Fernanda,
- Dates associated with a name: autora
670 ## - SOURCE DATA FOUND
- Source citation: Work cat.: (OSt)4700: Guerrero Mateus, María Fernanda, autora, La ciberdelincuencia / , 2004